देश के अमर शहीद / (Record no. 208146)
[ view plain ]
| 000 -LEADER | |
|---|---|
| fixed length control field | 00847nam a22001937a 4500 |
| 005 - DATE AND TIME OF LATEST TRANSACTION | |
| control field | 20250107151850.0 |
| 010 ## - LCCN (DPL NO) | |
| LC control number | HIN-129183 |
| 020 ## - INTERNATIONAL STANDARD BOOK NUMBER | |
| International Standard Book Number | 9788193324318 |
| Terms of availability | 500.00 |
| 035 ## - SYSTEM CONTROL NUMBER | |
| System control number | HN-101529 |
| 037 ## - SOURCE OF ACQUISITION | |
| Source of stock number/acquisition | DBAD |
| 082 ## - DEWEY DECIMAL CLASSIFICATION NUMBER | |
| Classification number | 921 |
| 100 ## - MAIN ENTRY--PERSONAL NAME | |
| Personal name | धामा, तेजपाल सिंह |
| 245 ## - TITLE STATEMENT | |
| Title | देश के अमर शहीद / |
| Statement of responsibility, etc | तेजपाल सिंह धामा |
| 250 ## - EDITION STATEMENT | |
| Edition statement | प्रथम |
| 260 ## - PUBLICATION, DISTRIBUTION, ETC. (IMPRINT) | |
| Place of publication, distribution, etc | दिल्ली |
| Name of publisher, distributor, etc | कृष्णा पब्लिशिंग हाउस |
| Date of publication, distribution, etc | 2024 |
| 270 ## - ADDRESS | |
| Address | ए-49, तृतीय तल गली नं-6, जगतपुरी एक्सटेंशन |
| City | दिल्ली |
| Postal code | 110093 |
| Telephone number | 8851868441 |
| -- | kphouse2018@gmail.com |
| 300 ## - PHYSICAL DESCRIPTION | |
| Extent | 159 पृ. |
| Dimensions | 21सेमी(सजिल्द) |
| 942 ## - ADDED ENTRY ELEMENTS (KOHA) | |
| Source of classification or shelving scheme | Dewey Decimal Classification |
| Item type | Hindi Books |
| Classification part | 921 |
| Call number suffix | धामाते |
| Withdrawn status | Lost status | Not for loan | Collection code | Home library | Current library | Date acquired | Source of acquisition | Cost, normal purchase price | Full call number | Barcode | Copy number | Cost, replacement price | Koha item type |
|---|---|---|---|---|---|---|---|---|---|---|---|---|---|
| Non-fiction | Sarojini Nagar | Sarojini Nagar | 07/01/2025 | DBAD | 500.00 | 921 धामाते | HN-101529 | 1 | 500.00 | Hindi Books |
